000 00708nam a22002057i 4500
999 _c23351
_d23351
003 AR-CdUCM
008 250811b20172017 pe||||| |||| 00| 0 spa d
020 _a978-612-47327-5-1
040 _aMUNICIPALIDAD PROVINCIAL DEL CUSCO
_cBIBLIOTECA MUNICIPAL DEL CUSCO
041 _hspa
082 _a869.5661 / M2297E
_bM2297E
100 _aManya Salas, Juan Jesús
_944227
245 _aPumallalliq - El Elegido /
260 _aSan Sebastián-Cusco :
_bSERVICIOS AMERICANOS S.R.C.L. REGESA S.R.L.
_c2017
300 _a136 páginas. :
_c21x17 cm.
500 _zpáginas 134-135
505 _aYana K'uychi -- Yawar Mayu -- Yanapanakuy -- Sirpay -- Puma Llali
942 _2ddc
_cLIBROS
945 _apbjr
_d11-08-2025